| 000 | 00381pab a2200145 454500 | ||
|---|---|---|---|
| 008 | 180718b1985 xxu||||| |||| 00| 0 eng d | ||
| 100 | _aCain, Bruce E. | ||
| 245 | _aAssessing the partisan effects of redistricting | ||
| 260 | _c1985 | ||
| 300 | _a320-33 | ||
| 362 | _aJune | ||
| 650 | _aVoting Districts - U.S.A. | ||
| 773 | _aAmerican Political Science Review | ||
| 909 | _a20330 | ||
| 999 |
_c20330 _d20330 |
||